Funeral en las Salesas / (Record no. 175706)

MARC details
000 -LEADER
campo de control de longitud fija 00706nam a2200169 i 4500
001 - NÚMERO DE CONTROL
campo de control 175706
003 - IDENTIFICADOR DE NÚMERO DE CONTROL
campo de control ES-MaACL
005 - FECHA Y HORA DE LA ÚLTIMA TRANSACCIÓN
campo de control 20230906215910.0
008 - DATOS DE LONGITUD FIJA--INFORMACIÓN GENERAL
campo de control de longitud fija 101118s1995 sp |||| | spa d
100 1# - ENTRADA PRINCIPAL--NOMBRE DE PERSONA
Nombre de persona Linage Conde, Antonio.
9 (RLIN) 72322
245 10 - MENCIÓN DEL TÍTULO
Título Funeral en las Salesas /
Mención de responsabilidad, etc. Antonio Linage Conde.
260 ## - PUBLICACIÓN, DISTRIBUCIÓN, ETC.
Lugar de publicación, distribución, etc. Córdoba :
Nombre del editor, distribuidor, etc. Real Academia de Córdoba, de Ciencias, Bellas Letras y Nobles Artes,
Fecha de publicación, distribución, etc. [1995]
300 ## - DESCRIPCIÓN FÍSICA
Extensión [2] p. ;
Dimensiones 24 cm.
595 ## -
-- Separata de: Boletín de la Real Academia de Córdoba, de Ciencias, Bellas Letras y Nobles Artes, Año 66, n. 129, jul.-dic. 1995.
710 2# - ENTRADA AGREGADA--NOMBRE DE ENTIDAD CORPORATIVA
Nombre de entidad corporativa o nombre de jurisdicción como elemento de entrada Real Academia de Córdoba de Ciencias, Bellas Letras y Nobles Artes.
9 (RLIN) 6302
852 ## - LOCALIZACIÓN
Ubicación ES-MaACL
Número de control de estantería 2303-F-28
Holdings
Estatus retirado Estado de pérdida Estado de daño No para préstamo Colección Biblioteca de origen Biblioteca actual Ubicación en estantería Fecha de adquisición Fuente de adquisición Total de préstamos Signatura topográfica completa Código de barras Visto por última vez Precio de reemplazo Tipo de ítem Koha
        Colección de folletos Biblioteca del Ateneo de Madrid Biblioteca del Ateneo de Madrid Depósito folletos 18/11/2010     2303-F-28 1184510 23/02/2023 23/02/2023 Folleto